[Event "O pohar mesta Klatov B - TANY open"]
[Site "Klatovy, Czech Republic"]
[Date "2025.07.04"]
[Round "7.1"]
[White "Mlynek, Jakub"]
[Black "Krivka, Jan"]
[Result "1-0"]
[WhiteElo "1722"]
[BlackElo "1783"]
[PlyCount "85"]
[EventDate "2025.??.??"]

1. e4 {[%emt 0:00:02]} c5 {[%emt 0:00:11]} 2. c3 {[%emt 0:00:10]} Nf6 {
[%emt 0:00:22]} 3. e5 {[%emt 0:00:07]} Nd5 4. Bc4 {[%emt 0:00:31]} Nb6 {
[%emt 0:00:07]} 5. Bb3 {[%emt 0:00:07]} c4 {[%emt 0:00:07]} 6. Bc2 {
[%emt 0:00:05]} d6 {[%emt 0:00:06]} 7. exd6 {[%emt 0:00:57]} Qxd6 {
[%emt 0:01:00]} 8. d4 {[%emt 0:00:50]} cxd3 {[%emt 0:02:55]} 9. Qxd3 {
[%emt 0:02:04]} Qxd3 {[%emt 0:02:17]} 10. Bxd3 {[%emt 0:00:06]} Nc6 {
[%emt 0:01:54]} 11. Ne2 {[%emt 0:04:10]} g6 {[%emt 0:06:47]} 12. O-O {
[%emt 0:02:51]} Bg7 {[%emt 0:01:55]} 13. a4 {[%emt 0:02:22]} Bf5 {
[%emt 0:14:38]} 14. Bxf5 {[%emt 0:06:43]} gxf5 {[%emt 0:00:02]} 15. Ng3 {
[%emt 0:01:53]} e6 {[%emt 0:01:19]} 16. Re1 {[%emt 0:06:06]} O-O {
[%emt 0:03:37]} 17. Nd2 {[%emt 0:09:55]} a5 {[%emt 0:09:20]} 18. Nf3 {
[%emt 0:02:51]} h6 {[%emt 0:09:41]} 19. Nh5 {[%emt 0:04:00]} Rfd8 {
[%emt 0:01:39]} 20. Nxg7 {[%emt 0:01:01]} Kxg7 {[%emt 0:00:02]} 21. b3 {
[%emt 0:07:13]} Rd3 {[%emt 0:16:05]} 22. Bb2 {[%emt 0:01:25]} Rad8 {
[%emt 0:04:16]} 23. Kf1 {[%emt 0:03:05]} Kg6 {[%emt 0:07:04]} 24. Ke2 {
[%emt 0:07:22]} e5 {[%emt 0:00:45]} 25. Red1 {[%emt 0:03:34]} e4 {
[%emt 0:00:43]} 26. Ne1 {[%emt 0:02:04]} Rxd1 {[%emt 0:09:50]} 27. Rxd1 {
[%emt 0:00:06]} Rxd1 {[%emt 0:00:43]} 28. Kxd1 {[%emt 0:00:08]} Nd7 {
[%emt 0:04:23]} 29. Ba3 {[%emt 0:05:22]} Kf6 {[%emt 0:01:16]} 30. Ke2 {
[%emt 0:01:44]} Ke5 {[%emt 0:01:10]} 31. f3 {[%emt 0:03:27]} Nb6 {
[%emt 0:05:09]} 32. g3 {[%emt 0:05:01]} h5 {[%emt 0:02:05]} 33. Ng2 {
[%emt 0:06:11]} Nd8 {[%emt 0:07:53]} 34. Bc5 {[%emt 0:01:33]} Nd5 {
[%emt 0:00:57]} 35. Bd4+ {[%emt 0:00:52]} Kd6 {[%emt 0:00:19]} 36. Nh4 {
[%emt 0:05:15]} Ne7 {[%emt 0:01:50]} 37. b4 {[%emt 0:05:10]} axb4 {
[%emt 0:01:51]} 38. cxb4 {[%emt 0:00:31]} Ke6 {[%emt 0:00:09]} 39. b5 {
[%emt 0:00:55]} Nd5 {[%emt 0:02:14]} 40. a5 {[%emt 0:02:34]} Nb4 {
[%emt 0:00:28]} 41. Bb6 {[%emt 0:00:21]} Ndc6 {[%emt 0:02:45]} 42. bxc6 {
[%emt 0:00:45]} Nxc6 {[%emt 0:00:02]} 43. Ke3 {[%emt 0:00:29]} 1-0

[Event "O pohar mesta Klatov B - TANY open"]
[Site "Klatovy, Czech Republic"]
[Date "2025.07.04"]
[Round "7.2"]
[White "Rawlings, Benjamin"]
[Black "Roubal, Matyas"]
[Result "0-1"]
[WhiteElo "1576"]
[BlackElo "1885"]
[PlyCount "80"]
[EventDate "2025.??.??"]

1. e4 {[%emt 0:00:02]} c5 {[%emt 0:00:06]} 2. Nf3 {[%emt 0:00:05]} Nc6 {
[%emt 0:00:15]} 3. d4 {[%emt 0:00:05]} cxd4 {[%emt 0:00:03]} 4. Nxd4 {
[%emt 0:00:08]} g6 {[%emt 0:00:07]} 5. Nc3 {[%emt 0:00:14]} Bg7 {[%emt 0:00:03]
} 6. Be3 {[%emt 0:00:08]} Nf6 {[%emt 0:00:13]} 7. Nxc6 {[%emt 0:00:23]} bxc6 {
[%emt 0:00:13]} 8. e5 {[%emt 0:00:03]} Ng8 {[%emt 0:04:51]} 9. Bd4 {
[%emt 0:00:10]} f6 {[%emt 0:13:49]} 10. f4 {[%emt 0:03:33]} Nh6 {[%emt 0:03:03]
} 11. exf6 {[%emt 0:12:23]} exf6 {[%emt 0:08:59]} 12. Qe2+ {[%emt 0:00:59]} Kf7
{[%emt 0:07:20]} 13. Qc4+ {[%emt 0:01:07]} d5 {[%emt 0:02:18]} 14. Qxc6 {
[%emt 0:02:23]} Re8+ {[%emt 0:00:55]} 15. Kd2 {[%emt 0:03:25]} Be6 {
[%emt 0:03:06]} 16. Nb5 {[%emt 0:04:41]} Nf5 {[%emt 0:01:39]} 17. Bc5 {
[%emt 0:21:58]} Bh6 {[%emt 0:11:43]} 18. g3 {[%emt 0:01:38]} Rc8 {
[%emt 0:03:10]} 19. Qb7+ {[%emt 0:00:29]} Kg8 {[%emt 0:00:44]} 20. b4 {
[%emt 0:00:48]} g5 {[%emt 0:02:16]} 21. g4 {[%emt 0:00:51]} Nh4 {[%emt 0:01:55]
} 22. f5 {[%emt 0:01:09]} Nf3+ {[%emt 0:09:36]} 23. Kc1 {[%emt 0:00:37]} Rxc5 {
[%emt 0:17:58]} 24. bxc5 {[%emt 0:01:53]} Qa5 {[%emt 0:10:17]} 25. a3 {
[%emt 0:04:09]} Bf7 {[%emt 0:02:12]} 26. Bd3 {[%emt 0:02:02]} Ne1 {
[%emt 0:00:52]} 27. Rxe1 {[%emt 0:12:30]} Qxe1+ {[%emt 0:02:47]} 28. Kb2 {
[%emt 0:00:05]} Qe5+ {[%emt 0:00:05]} 29. c3 {[%emt 0:03:10]} Rb8 {
[%emt 0:02:49]} 30. Qxa7 {[%emt 0:00:39]} Qxh2+ {[%emt 0:00:15]} 31. Kc1 {
[%emt 0:03:48]} Re8 {[%emt 0:01:17]} 32. Qxf7+ {[%emt 0:02:01]} Kxf7 {
[%emt 0:00:02]} 33. Nd6+ {[%emt 0:00:07]} Kf8 {[%emt 0:00:15]} 34. Nxe8 {
[%emt 0:00:07]} Kxe8 {[%emt 0:00:06]} 35. a4 {[%emt 0:00:38]} Bf8 {
[%emt 0:03:14]} 36. c6 {[%emt 0:00:20]} d4 {[%emt 0:01:33]} 37. cxd4 {
[%emt 0:01:37]} Bb4 {[%emt 0:00:41]} 38. Bb5 {[%emt 0:01:16]} Qd2+ {
[%emt 0:00:36]} 39. Kb1 {[%emt 0:00:10]} Kd8 {[%emt 0:00:03]} 40. a5 {
[%emt 0:01:19]} Bc3 {[%emt 0:00:20]} 0-1

[Event "O pohar mesta Klatov B - TANY open"]
[Site "Klatovy, Czech Republic"]
[Date "2025.07.04"]
[Round "7.3"]
[White "Kolman, Pavel Petr"]
[Black "Skokan, Frantisek"]
[Result "1/2-1/2"]
[WhiteElo "1710"]
[BlackElo "1873"]
[PlyCount "120"]
[EventDate "2025.??.??"]

1. e4 {[%emt 0:00:05]} d6 {[%emt 0:02:11]} 2. d4 {[%emt 0:00:11]} Nf6 {
[%emt 0:00:04]} 3. Nc3 {[%emt 0:00:09]} c6 {[%emt 0:00:10]} 4. Be3 {
[%emt 0:00:17]} Qa5 {[%emt 0:00:19]} 5. Qd2 {[%emt 0:01:46]} e5 {[%emt 0:00:14]
} 6. f3 {[%emt 0:03:27]} Be7 {[%emt 0:00:48]} 7. Nge2 {[%emt 0:02:29]} b5 {
[%emt 0:02:40]} 8. g4 {[%emt 0:06:41]} Nbd7 {[%emt 0:11:33]} 9. Ng3 {
[%emt 0:02:43]} exd4 {[%emt 0:08:29]} 10. Bxd4 {[%emt 0:01:15]} Ne5 {
[%emt 0:00:08]} 11. Be2 {[%emt 0:02:42]} b4 {[%emt 0:04:35]} 12. g5 {
[%emt 0:02:28]} bxc3 {[%emt 0:25:11]} 13. Bxc3 {[%emt 0:00:47]} Nxe4 {
[%emt 0:05:07]} 14. Nxe4 {[%emt 0:03:51]} Qd5 {[%emt 0:04:44]} 15. Qe3 {
[%emt 0:12:59]} O-O {[%emt 0:04:06]} 16. f4 {[%emt 0:04:51]} Ng6 {
[%emt 0:15:06]} 17. h4 {[%emt 0:16:22]} Bf5 {[%emt 0:23:35]} 18. Bd3 {
[%emt 0:09:03]} Rfe8 {[%emt 0:03:15]} 19. O-O-O {[%emt 0:04:58]} Bxg5 {
[%emt 0:05:55]} 20. hxg5 {[%emt 0:04:28]} Bxe4 {[%emt 0:01:05]} 21. Bxe4 {
[%emt 0:00:16]} Qxe4 {[%emt 0:00:20]} 22. Qxe4 {[%emt 0:02:20]} Rxe4 {
[%emt 0:00:05]} 23. f5 {[%emt 0:00:10]} Nf4 {[%emt 0:02:36]} 24. Rxd6 {
[%emt 0:02:00]} Ne2+ {[%emt 0:02:32]} 25. Kd2 {[%emt 0:00:18]} Rae8 {
[%emt 0:01:26]} 26. Rf1 {[%emt 0:08:08]} c5 {[%emt 0:04:11]} 27. Rd7 {
[%emt 0:03:36]} Ng3 {[%emt 0:01:12]} 28. Rf3 {[%emt 0:01:29]} Ne2 {
[%emt 0:01:39]} 29. g6 {[%emt 0:01:18]} hxg6 {[%emt 0:00:34]} 30. fxg6 {
[%emt 0:00:11]} f6 {[%emt 0:00:37]} 31. Rh3 {[%emt 0:00:36]} Nf4 {
[%emt 0:00:37]} 32. Rg3 {[%emt 0:04:17]} Ne2 {[%emt 0:00:21]} 33. Rgd3 {
[%emt 0:01:09]} Nf4 {[%emt 0:00:50]} 34. R3d6 {[%emt 0:02:04]} Nxg6 {
[%emt 0:00:25]} 35. Rxa7 {[%emt 0:00:16]} R4e7 {[%emt 0:00:31]} 36. Ra5 {
[%emt 0:02:12]} Rc8 {[%emt 0:00:27]} 37. Rd5 {[%emt 0:01:14]} Rec7 {
[%emt 0:00:30]} 38. a4 {[%emt 0:01:01]} Kf7 {[%emt 0:00:15]} 39. Ra6 {
[%emt 0:00:48]} Nf4 {[%emt 0:00:26]} 40. Rdd6 {[%emt 0:00:43]} Re7 {
[%emt 0:00:56]} 41. Bxf6 {[%emt 0:03:55]} Re6 {[%emt 0:00:34]} 42. Bc3 {
[%emt 0:03:05]} Rxd6+ {[%emt 0:00:09]} 43. Rxd6 {[%emt 0:00:04]} Ne6 {
[%emt 0:00:19]} 44. a5 {[%emt 0:02:12]} g5 {[%emt 0:00:10]} 45. a6 {
[%emt 0:01:20]} Ke7 {[%emt 0:00:25]} 46. Be5 {[%emt 0:01:04]} Ra8 {
[%emt 0:00:37]} 47. c3 {[%emt 0:03:41]} g4 {[%emt 0:00:08]} 48. Bg3 {
[%emt 0:01:38]} Nc7 {[%emt 0:01:01]} 49. Rg6 {[%emt 0:02:10]} Nxa6 {
[%emt 0:00:27]} 50. Rxg4 {[%emt 0:00:10]} Rc8 {[%emt 0:01:06]} 51. Rg6 {
[%emt 0:01:46]} Nb8 {[%emt 0:00:32]} 52. Rd6 {[%emt 0:00:51]} Nc6 {
[%emt 0:00:35]} 53. Kc2 {[%emt 0:01:48]} Na5 {[%emt 0:00:20]} 54. Rd1 {
[%emt 0:01:11]} Rc6 {[%emt 0:00:25]} 55. Bf2 {[%emt 0:01:11]} Ke6 {
[%emt 0:00:18]} 56. Bxc5 {[%emt 0:03:50]} Rxc5 {[%emt 0:00:02]} 57. b4 {
[%emt 0:00:12]} Rb5 {[%emt 0:00:06]} 58. bxa5 {[%emt 0:00:06]} Rxa5 {
[%emt 0:00:09]} 59. c4 {[%emt 0:00:12]} Ra3 {[%emt 0:01:24]} 60. Kb2 {
[%emt 0:00:10]} Rg3 1/2-1/2

[Event "O pohar mesta Klatov B - TANY open"]
[Site "Klatovy, Czech Republic"]
[Date "2025.07.04"]
[Round "7.4"]
[White "Smejc, Jiri"]
[Black "Adamek, Jan"]
[Result "0-1"]
[WhiteElo "1879"]
[BlackElo "1720"]
[PlyCount "94"]
[EventDate "2025.??.??"]

1. e4 {[%emt 0:00:02]} e6 {[%emt 0:00:06]} 2. d4 {[%emt 0:00:05]} d5 {
[%emt 0:00:05]} 3. e5 {[%emt 0:00:05]} c5 {[%emt 0:00:06]} 4. c3 {
[%emt 0:00:05]} Nc6 {[%emt 0:00:04]} 5. Nf3 {[%emt 0:00:06]} Qb6 {
[%emt 0:00:41]} 6. Bd3 {[%emt 0:00:09]} cxd4 {[%emt 0:00:13]} 7. O-O {
[%emt 0:00:08]} Bd7 {[%emt 0:00:08]} 8. Re1 {[%emt 0:06:30]} Rc8 {
[%emt 0:00:33]} 9. a3 {[%emt 0:01:46]} Nge7 {[%emt 0:05:09]} 10. cxd4 {
[%emt 0:13:08]} Nxd4 {[%emt 0:02:02]} 11. Nxd4 {[%emt 0:00:16]} Qxd4 {
[%emt 0:00:13]} 12. Nc3 {[%emt 0:00:05]} a6 {[%emt 0:13:16]} 13. Qf3 {
[%emt 0:22:13]} Ng6 {[%emt 0:14:58]} 14. Bxg6 {[%emt 0:18:37]} hxg6 {
[%emt 0:01:57]} 15. Bg5 {[%emt 0:05:22]} Rc4 {[%emt 0:25:36]} 16. h3 {
[%emt 0:05:22]} Qb6 {[%emt 0:09:12]} 17. Re2 {[%emt 0:12:31]} Qb3 {
[%emt 0:12:07]} 18. Qd3 {[%emt 0:10:59]} Bb5 {[%emt 0:06:49]} 19. Rd2 {
[%emt 0:08:14]} Bc5 {[%emt 0:12:55]} 20. Nxb5 {[%emt 0:05:11]} Qxd3 {
[%emt 0:06:52]} 21. Nc7+ {[%emt 0:03:29]} Kd7 {[%emt 0:00:32]} 22. Rxd3 {
[%emt 0:00:06]} Kxc7 {[%emt 0:00:17]} 23. Rf3 {[%emt 0:00:13]} Rf8 {
[%emt 0:00:31]} 24. b4 {[%emt 0:00:24]} Bd4 {[%emt 0:00:23]} 25. Re1 {
[%emt 0:00:15]} Kd7 {[%emt 0:00:38]} 26. Bd2 {[%emt 0:03:17]} Ke7 {
[%emt 0:05:45]} 27. Rb3 {[%emt 0:00:29]} b5 {[%emt 0:01:56]} 28. a4 {
[%emt 0:01:46]} f6 {[%emt 0:03:26]} 29. exf6+ {[%emt 0:01:02]} gxf6 {
[%emt 0:01:32]} 30. axb5 {[%emt 0:00:08]} axb5 {[%emt 0:01:01]} 31. Ra3 {
[%emt 0:00:28]} Rb8 {[%emt 0:02:54]} 32. Ra6 {[%emt 0:00:20]} e5 {
[%emt 0:00:20]} 33. Kf1 {[%emt 0:00:28]} Rc2 {[%emt 0:01:11]} 34. Be3 {
[%emt 0:06:09]} Bxe3 {[%emt 0:00:57]} 35. Rxe3 {[%emt 0:00:06]} Rbc8 {
[%emt 0:00:51]} 36. Rb6 {[%emt 0:03:12]} d4 {[%emt 0:00:55]} 37. Rd3 {
[%emt 0:00:50]} Rb2 {[%emt 0:00:36]} 38. Rb7+ {[%emt 0:02:41]} Ke6 {
[%emt 0:00:15]} 39. Rb6+ {[%emt 0:00:11]} Kd5 {[%emt 0:01:15]} 40. g3 {
[%emt 0:00:25]} Rc1+ {[%emt 0:00:26]} 41. Kg2 {[%emt 0:00:06]} Kc4 {
[%emt 0:00:13]} 42. Rf3 {[%emt 0:01:09]} Rc3 {[%emt 0:01:12]} 43. Rfxf6 {
[%emt 0:00:15]} d3 {[%emt 0:00:20]} 44. Rfd6 {[%emt 0:01:27]} e4 {
[%emt 0:00:25]} 45. Rbc6+ {[%emt 0:01:37]} Kb3 {[%emt 0:00:16]} 46. Kf1 {
[%emt 0:00:34]} Rb1+ {[%emt 0:00:24]} 47. Kg2 {[%emt 0:00:13]} Rxc6 {
[%emt 0:00:14]} 0-1

[Event "O pohar mesta Klatov B - TANY open"]
[Site "Klatovy, Czech Republic"]
[Date "2025.07.04"]
[Round "7.5"]
[White "Schanilec, Martin"]
[Black "Martinek, Lukas"]
[Result "1-0"]
[WhiteElo "1864"]
[BlackElo "1716"]
[PlyCount "41"]
[EventDate "2025.??.??"]

1. f4 {[%emt 0:01:16]} Nf6 {[%emt 0:04:26]} 2. Nf3 {[%emt 0:01:51]} g6 {
[%emt 0:01:06]} 3. d3 {[%emt 0:01:47]} d6 {[%emt 0:02:45]} 4. e4 {
[%emt 0:02:15]} Nc6 {[%emt 0:02:13]} 5. Be2 {[%emt 0:14:20]} e5 {[%emt 0:07:57]
} 6. O-O {[%emt 0:05:49]} Bh6 {[%emt 0:08:34]} 7. fxe5 {[%emt 0:14:18]} Bxc1 {
[%emt 0:00:44]} 8. Qxc1 {[%emt 0:00:43]} Nxe5 {[%emt 0:02:18]} 9. h3 {
[%emt 0:48:09]} Be6 {[%emt 0:21:46]} 10. Ng5 {[%emt 0:09:45]} c6 {
[%emt 0:10:33]} 11. Qf4 {[%emt 0:03:02]} Nh5 {[%emt 0:18:10]} 12. Bxh5 {
[%emt 0:02:09]} gxh5 {[%emt 0:02:15]} 13. Nxe6 {[%emt 0:03:42]} fxe6 {
[%emt 0:04:09]} 14. d4 {[%emt 0:02:20]} Qb6 {[%emt 0:01:33]} 15. Qf6 {
[%emt 0:01:43]} Qxd4+ {[%emt 0:15:35]} 16. Kh1 {[%emt 0:00:17]} Qc4 {
[%emt 0:01:51]} 17. Qxh8+ {[%emt 0:01:09]} Ke7 {[%emt 0:00:41]} 18. Qxh7+ {
[%emt 0:00:38]} Ke8 {[%emt 0:00:26]} 19. Qxh5+ {[%emt 0:03:03]} Ke7 {
[%emt 0:00:23]} 20. Qh7+ {[%emt 0:00:25]} Ke8 {[%emt 0:00:06]} 21. Nc3 {
[%emt 0:02:16]} 1-0

[Event "O pohar mesta Klatov B - TANY open"]
[Site "Klatovy, Czech Republic"]
[Date "2025.07.04"]
[Round "7.6"]
[White "Kroulik, Stepan"]
[Black "Zeman, Daniel Nikolas"]
[Result "1/2-1/2"]
[WhiteElo "1704"]
[BlackElo "1813"]
[PlyCount "57"]
[EventDate "2025.??.??"]

1. e4 {[%emt 0:00:03]} e5 {[%emt 0:00:04]} 2. Nf3 {[%emt 0:00:11]} Nf6 {
[%emt 0:00:05]} 3. Nxe5 {[%emt 0:00:30]} d6 {[%emt 0:00:06]} 4. Nf3 {
[%emt 0:00:16]} Nxe4 {[%emt 0:00:04]} 5. d4 {[%emt 0:00:12]} d5 {[%emt 0:00:08]
} 6. Bd3 {[%emt 0:00:13]} Bf5 {[%emt 0:00:05]} 7. O-O {[%emt 0:00:17]} Be7 {
[%emt 0:00:44]} 8. Re1 {[%emt 0:00:09]} Nc6 {[%emt 0:00:51]} 9. Nbd2 {
[%emt 0:00:26]} Nd6 {[%emt 0:00:13]} 10. Nf1 {[%emt 0:01:10]} O-O {
[%emt 0:00:50]} 11. Ng3 {[%emt 0:01:12]} Bxd3 {[%emt 0:02:55]} 12. Qxd3 {
[%emt 0:00:16]} Re8 {[%emt 0:04:20]} 13. c3 {[%emt 0:01:58]} Bf6 {
[%emt 0:10:24]} 14. Bd2 {[%emt 0:03:31]} Qd7 {[%emt 0:02:07]} 15. b3 {
[%emt 0:02:03]} b5 {[%emt 0:14:37]} 16. Nh5 {[%emt 0:09:39]} Ne4 {
[%emt 0:03:08]} 17. Nxf6+ {[%emt 0:01:58]} Nxf6 {[%emt 0:00:06]} 18. Qxb5 {
[%emt 0:05:09]} Ne4 {[%emt 0:00:55]} 19. c4 {[%emt 0:11:31]} dxc4 {
[%emt 0:13:09]} 20. d5 {[%emt 0:03:13]} Nxd2 {[%emt 0:05:52]} 21. Nxd2 {
[%emt 0:01:20]} c3 {[%emt 0:01:46]} 22. Ne4 {[%emt 0:01:57]} Ne5 {
[%emt 0:01:17]} 23. Qxd7 {[%emt 0:01:04]} Nxd7 {[%emt 0:00:07]} 24. Nxc3 {
[%emt 0:00:15]} Nf6 {[%emt 0:02:44]} 25. Kf1 {[%emt 0:05:42]} Kf8 {
[%emt 0:01:21]} 26. Rac1 {[%emt 0:17:06]} a6 {[%emt 0:01:26]} 27. Rc2 {
[%emt 0:10:01]} Rxe1+ {[%emt 0:00:47]} 28. Kxe1 {[%emt 0:00:09]} Ke7 {
[%emt 0:00:30]} 29. f3 {[%emt 0:04:36]} 1/2-1/2

[Event "O pohar mesta Klatov B - TANY open"]
[Site "Klatovy, Czech Republic"]
[Date "2025.07.04"]
[Round "7.7"]
[White "Babicky, Jan"]
[Black "Krivka, Lukas"]
[Result "0-1"]
[WhiteElo "1697"]
[BlackElo "1776"]
[PlyCount "48"]
[EventDate "2025.??.??"]

1. e4 {[%emt 0:00:23]} c5 {[%emt 0:00:09]} 2. Nc3 {[%emt 0:00:30]} Nc6 {
[%emt 0:02:48]} 3. g3 {[%emt 0:00:06]} g6 {[%emt 0:03:36]} 4. Bg2 {
[%emt 0:01:22]} Bg7 {[%emt 0:01:39]} 5. f4 {[%emt 0:00:04]} d6 {[%emt 0:00:59]}
6. Nf3 {[%emt 0:00:24]} e6 {[%emt 0:02:50]} 7. d3 {[%emt 0:01:28]} Nge7 {
[%emt 0:00:29]} 8. O-O {[%emt 0:00:41]} O-O {[%emt 0:00:15]} 9. h3 {
[%emt 0:02:13]} Nd4 {[%emt 0:10:30]} 10. g4 {[%emt 0:03:09]} Nec6 {
[%emt 0:12:00]} 11. Ne2 {[%emt 0:12:43]} Nxe2+ {[%emt 0:02:56]} 12. Qxe2 {
[%emt 0:00:42]} Nd4 {[%emt 0:00:14]} 13. Nxd4 {[%emt 0:01:18]} Bxd4+ {
[%emt 0:01:08]} 14. Kh1 {[%emt 0:00:04]} Qe7 {[%emt 0:21:51]} 15. e5 {
[%emt 0:04:24]} c4 {[%emt 0:18:23]} 16. c3 {[%emt 0:00:51]} cxd3 {
[%emt 0:04:13]} 17. Qxd3 {[%emt 0:00:14]} Bb6 {[%emt 0:01:34]} 18. exd6 {
[%emt 0:05:24]} Qd7 {[%emt 0:03:00]} 19. c4 {[%emt 0:06:53]} Bc5 {
[%emt 0:08:36]} 20. Rd1 {[%emt 0:01:04]} Rd8 {[%emt 0:00:14]} 21. Qc3 {
[%emt 0:00:44]} Qa4 {[%emt 0:03:37]} 22. b3 {[%emt 0:01:22]} Qb4 {
[%emt 0:00:37]} 23. Qf6 {[%emt 0:02:13]} Rxd6 {[%emt 0:09:04]} 24. Rxd6 {
[%emt 0:03:08]} Qe1+ {[%emt 0:00:36]} 0-1

[Event "O pohar mesta Klatov B - TANY open"]
[Site "Klatovy, Czech Republic"]
[Date "2025.07.04"]
[Round "7.8"]
[White "Esterka, Jan"]
[Black "Bukvaj, Martin"]
[Result "1/2-1/2"]
[WhiteElo "1767"]
[BlackElo "1687"]
[PlyCount "21"]
[EventDate "2025.??.??"]

1. e4 {[%emt 0:01:19]} b6 {[%emt 0:00:43]} 2. Bc4 {[%emt 0:00:12]} Bb7 {
[%emt 0:00:40]} 3. Nf3 {[%emt 0:00:08]} Bxe4 {[%emt 0:03:16]} 4. Bxf7+ {
[%emt 0:00:13]} Kxf7 {[%emt 0:00:44]} 5. Ng5+ {[%emt 0:00:07]} Ke8 {
[%emt 0:01:04]} 6. Nxe4 {[%emt 0:00:03]} g6 {[%emt 0:04:16]} 7. O-O {
[%emt 0:00:57]} Bg7 {[%emt 0:00:39]} 8. Qf3 {[%emt 0:00:20]} Nc6 {
[%emt 0:01:17]} 9. c3 {[%emt 0:00:17]} Nh6 {[%emt 0:04:26]} 10. d4 {
[%emt 0:00:49]} Nf7 {[%emt 0:13:37]} 11. Qe2 {[%emt 0:15:41]} 1/2-1/2

[Event "O pohar mesta Klatov B - TANY open"]
[Site "Klatovy, Czech Republic"]
[Date "2025.07.04"]
[Round "7.9"]
[White "Poznicek, Antonin"]
[Black "Lener, Jaroslav"]
[Result "1-0"]
[WhiteElo "1681"]
[BlackElo "1837"]
[PlyCount "110"]
[EventDate "2025.??.??"]

1. e4 {[%emt 0:00:01]} c5 {[%emt 0:05:06]} 2. Nf3 {[%emt 0:00:53]} Nc6 {
[%emt 0:00:13]} 3. d4 {[%emt 0:00:06]} cxd4 {[%emt 0:00:06]} 4. Nxd4 {
[%emt 0:00:05]} d6 {[%emt 0:00:21]} 5. Bc4 {[%emt 0:00:46]} Nf6 {[%emt 0:04:15]
} 6. Nc3 {[%emt 0:01:59]} e5 {[%emt 0:09:33]} 7. Nde2 {[%emt 0:04:04]} h6 {
[%emt 0:06:35]} 8. f4 {[%emt 0:00:49]} Qa5 {[%emt 0:08:50]} 9. Bd2 {
[%emt 0:03:17]} Qc5 {[%emt 0:06:15]} 10. Bb3 {[%emt 0:03:35]} b5 {
[%emt 0:00:55]} 11. Ng3 {[%emt 0:05:03]} a5 {[%emt 0:50:42]} 12. Nd5 {
[%emt 0:02:43]} Ng4 {[%emt 0:23:25]} 13. Qe2 {[%emt 0:06:05]} Nd4 {
[%emt 0:00:37]} 14. Qf1 {[%emt 0:01:21]} a4 {[%emt 0:01:21]} 15. c3 {
[%emt 0:01:29]} Nxb3 {[%emt 0:05:24]} 16. axb3 {[%emt 0:00:07]} Bb7 {
[%emt 0:01:02]} 17. b4 {[%emt 0:01:19]} Qc6 {[%emt 0:01:04]} 18. Qxb5 {
[%emt 0:00:18]} Qxb5 {[%emt 0:01:11]} 19. Nc7+ {[%emt 0:00:05]} Kd7 {
[%emt 0:00:24]} 20. Nxb5 {[%emt 0:00:02]} Bc6 {[%emt 0:00:15]} 21. Na3 {
[%emt 0:00:16]} Nf6 {[%emt 0:01:35]} 22. fxe5 {[%emt 0:00:16]} dxe5 {
[%emt 0:00:35]} 23. Nc4 {[%emt 0:00:16]} Ke6 {[%emt 0:00:37]} 24. Kf2 {
[%emt 0:01:14]} Nxe4+ {[%emt 0:00:28]} 25. Nxe4 {[%emt 0:00:07]} Bxe4 {
[%emt 0:00:13]} 26. Rhe1 {[%emt 0:00:17]} f5 {[%emt 0:00:29]} 27. Nb6 {
[%emt 0:01:28]} Rb8 {[%emt 0:00:54]} 28. Nxa4 {[%emt 0:00:16]} Bd6 {
[%emt 0:00:15]} 29. Be3 {[%emt 0:04:42]} Bd5 {[%emt 0:01:20]} 30. Nc5+ {
[%emt 0:03:03]} Bxc5 {[%emt 0:00:21]} 31. Bxc5 {[%emt 0:00:07]} Ra8 {
[%emt 0:00:50]} 32. Rxa8 {[%emt 0:00:48]} Rxa8 {[%emt 0:00:03]} 33. Bd4 {
[%emt 0:00:16]} e4 {[%emt 0:00:54]} 34. Bxg7 {[%emt 0:00:08]} h5 {
[%emt 0:00:16]} 35. g3 {[%emt 0:00:59]} Ra2 {[%emt 0:00:09]} 36. Re2 {
[%emt 0:00:22]} Bc4 {[%emt 0:00:43]} 37. Rd2 {[%emt 0:00:04]} Bd3 {
[%emt 0:00:18]} 38. Bh6 {[%emt 0:00:33]} Ra1 {[%emt 0:00:27]} 39. Bf4 {
[%emt 0:01:25]} Rf1+ {[%emt 0:00:33]} 40. Kg2 {[%emt 0:00:11]} Ra1 {
[%emt 0:01:01]} 41. Kh3 {[%emt 0:00:43]} Kd5 {[%emt 0:00:36]} 42. Kh4 {
[%emt 0:00:33]} Ra8 {[%emt 0:00:26]} 43. Kxh5 {[%emt 0:00:21]} Rh8+ {
[%emt 0:00:16]} 44. Kg6 {[%emt 0:00:25]} Rg8+ {[%emt 0:00:21]} 45. Kxf5 {
[%emt 0:00:57]} Rf8+ {[%emt 0:00:17]} 46. Kg5 {[%emt 0:00:20]} Rg8+ {
[%emt 0:00:57]} 47. Kf6 {[%emt 0:00:26]} Rf8+ {[%emt 0:00:30]} 48. Kg7 {
[%emt 0:00:07]} Ra8 {[%emt 0:00:41]} 49. h4 {[%emt 0:00:09]} Ke6 {
[%emt 0:00:18]} 50. h5 {[%emt 0:00:21]} Kf5 {[%emt 0:00:37]} 51. h6 {
[%emt 0:00:20]} Ra7+ {[%emt 0:00:23]} 52. Kf8 {[%emt 0:03:37]} Ke6 {
[%emt 0:00:51]} 53. Rh2 {[%emt 0:03:09]} Kf6 {[%emt 0:00:36]} 54. Ke8 {
[%emt 0:00:53]} Bb5+ {[%emt 0:00:25]} 55. Kd8 {[%emt 0:00:08]} Re7 {
[%emt 0:01:44]} 1-0

[Event "O pohar mesta Klatov B - TANY open"]
[Site "Klatovy, Czech Republic"]
[Date "2025.07.04"]
[Round "7.10"]
[White "Masek, Jan"]
[Black "Cizek, Filip"]
[Result "0-1"]
[WhiteElo "1811"]
[BlackElo "1675"]
[PlyCount "70"]
[EventDate "2025.??.??"]

1. e4 {[%emt 0:00:02]} c5 {[%emt 0:01:22]} 2. Nc3 {[%emt 0:00:07]} g6 {
[%emt 0:00:07]} 3. Nf3 {[%emt 0:00:10]} Bg7 {[%emt 0:00:30]} 4. b3 {
[%emt 0:01:11]} d6 {[%emt 0:03:37]} 5. Rb1 {[%emt 0:01:51]} Nf6 {[%emt 0:01:34]
} 6. Bb5+ {[%emt 0:00:39]} Bd7 {[%emt 0:00:49]} 7. e5 {[%emt 0:00:39]} dxe5 {
[%emt 0:03:33]} 8. Nxe5 {[%emt 0:07:32]} Bxb5 {[%emt 0:02:34]} 9. Nxb5 {
[%emt 0:00:12]} Nd5 {[%emt 0:08:52]} 10. Bb2 {[%emt 0:03:40]} O-O {
[%emt 0:09:29]} 11. O-O {[%emt 0:00:55]} Qa5 {[%emt 0:00:30]} 12. a4 {
[%emt 0:01:04]} a6 {[%emt 0:02:19]} 13. Na3 {[%emt 0:05:01]} b5 {[%emt 0:05:37]
} 14. axb5 {[%emt 0:31:24]} Bxe5 {[%emt 0:18:56]} 15. Bxe5 {[%emt 0:00:17]}
Qxa3 {[%emt 0:03:45]} 16. c4 {[%emt 0:44:01]} Nd7 {[%emt 0:09:01]} 17. Bb2 {
[%emt 0:02:29]} Qa5 {[%emt 0:02:37]} 18. cxd5 {[%emt 0:01:46]} axb5 {
[%emt 0:02:15]} 19. Ra1 {[%emt 0:08:03]} Qb6 {[%emt 0:02:28]} 20. Qf3 {
[%emt 0:00:46]} Qd6 {[%emt 0:04:39]} 21. Qd3 {[%emt 0:05:42]} b4 {
[%emt 0:02:41]} 22. Rfc1 {[%emt 0:01:32]} e6 {[%emt 0:08:54]} 23. Qh3 {
[%emt 0:03:28]} Qxd5 {[%emt 0:01:41]} 24. Qh6 {[%emt 0:01:02]} f6 {
[%emt 0:00:35]} 25. Qe3 {[%emt 0:00:39]} e5 {[%emt 0:06:33]} 26. f4 {
[%emt 0:00:57]} exf4 {[%emt 0:04:49]} 27. Qxf4 {[%emt 0:00:09]} Qxb3 {
[%emt 0:01:16]} 28. Rxa8 {[%emt 0:00:59]} Rxa8 {[%emt 0:00:18]} 29. Ba1 {
[%emt 0:01:15]} Qd5 {[%emt 0:02:04]} 30. Qe3 {[%emt 0:02:13]} Ra2 {
[%emt 0:05:05]} 31. Re1 {[%emt 0:02:37]} Rxd2 {[%emt 0:03:13]} 32. Qf3 {
[%emt 0:02:22]} Qxf3 {[%emt 0:00:26]} 33. gxf3 {[%emt 0:00:02]} Kf7 {
[%emt 0:00:26]} 34. f4 {[%emt 0:00:20]} c4 {[%emt 0:00:35]} 35. Rb1 {
[%emt 0:00:32]} c3 {[%emt 0:00:42]} 0-1